Hydraulic Servo - systems : Modelling, Identification and Control

Saved in:
Bibliographic Details
Main Authors: Jelali, Mohieddine (Author), Kroll, Andreas (Author)
Format: Book
Language:English
Published: Londýn : Springer Verlag, 2003
Edition:1. Edition
Subjects:
Tags: Add Tag
No Tags, Be the first to tag this record!

MARC

LEADER 00000nam a22000003a 4500
001 stu79839
005 20150617225639.8
008 030317s2003----uk------------------eng-d
020 |a 1-85233-692-7 
040 |a STU  |b slo 
041 0 |a eng 
044 |a uk 
080 |a 62-82 
080 |a 681.513.3 
100 1 |a Jelali, Mohieddine  |4 aut 
245 1 |a Hydraulic Servo - systems :  |b Modelling, Identification and Control 
250 |a 1. Edition 
260 |a Londýn :  |b Springer Verlag,  |c 2003 
300 |a 355 s 
650 7 |a pohony hydraulické  |2 stusub 
650 7 |a servomechanizmy  |2 stusub 
700 1 |a Kroll, Andreas  |4 aut 
996 |b 284J011150  |c J*100617  |l JJK14  |s P  |a 0  |w stu79839_0001